| 000 | 00415nam a2200169Ia 4500 | ||
|---|---|---|---|
| 008 | 230524s9999 xx 000 0 und d | ||
| 020 | _a9788120327672 | ||
| 082 |
_a658.515 _bPAN |
||
| 100 | _aR.Panneerselvam | ||
| 245 | 0 | _aProduction and Operations Management | |
| 250 | _a2ND | ||
| 260 |
_aNEW DELHI _bPHI _c2005 |
||
| 300 | _aX;546 | ||
| 500 | _aQuantity Number: 192 | ||
| 650 | _aManagement | ||
| 942 | _cBK | ||
| 999 |
_c27693 _d27693 |
||